00300nam a2200097Ia 4500008004100000082000800041100002500049245010700074942000600181999001500187240331s9999 xx 000 0 und d bHum aSri lanka foundation 0aHuman rights and religions in Sri Lanka :ba contemporary on the universal declaration of human rights cL c2481d2481